Jeden z Dziesięciu o YouTube | pytania (vol. 1) - Statystyki

Ogólne statystyki
  • Ten quiz został rozwiązany 29 razy
  • Średni wynik to 10 z 40
Statystyki odpowiedzi
Pytanie Odpowiedź % Poprawnych
W którym roku powstał serwis YouTube? 2005
100%
W jakim kraju YouTube nie jest dostępny? Chiny | Erytrea | Iran | Turkmenistan | Korea Płn.
82%
Jaki język słowiański był obsługiwany na YouTube jako pierwszy? polski
73%
Ile lat ma RockAlone2k (2025)? 48
68%
W 2009 roku założono serwis muzyczny współpracujący z YouTube odpowiedzialny za publikowanie teledysków. Oficjalne kanały wielu artystów miały wpisane jego nazwę w nazwie swoich kanałów. Jak się on nazywał? VEVO
55%
Do jakiej amerykańskiej agencji należał sławny polski żul z zieloną kurtką? FBI
41%
Jaka firma chciała pozwać Piotra Ogińskiego z kanału "Kocham Gotować" w 2013 roku Sokołów
41%
Jakie słowa w 2015 roku wypowiedział Bronisław Komorowski podczas wizyty w japońskim parlamencie? Chodź Szogunie
36%
Na co przeprowadzał zbiórkę Kamil Scheicht w lato 2012? komputer
36%
Pod jaki numer trzeba było zadzwonić w sprawie kupna roweru Pawła Jumpera? 0700
32%
Jak nazywała się seria vlogowa JJayJokera? Pod Kapeluszem
32%
Jak na imię ma tytułowy Kapitan Bomba? Tytus
32%
Z jakiego kraju pochodzi grupa YouTuberów o nazwie Sidemen? Wielka Brytania
32%
Zdaniem Piotra Blandforda - kim jesteś? Jesteś zwycięzcą
27%
Jakie padło tzw. "Freudowskie przejęzyczenie" w wywiadzie z policjantem? psy
27%
W jakim mieście nagrano film "Ale Urwał"? Szczecin
27%
Ile powstało odcinków "3...2...1 Internet"? 5
23%
Kto jest autorem serii Wielki Mix Youtube? SooldierPL
23%
Co napisał Testovironowi zabanowany użytkownik UserNameTHC? Kiedyś miałeś lepszy brzuch.
18%
Pierwsza wersja Silver Creator Award powstała w 2013 roku. Z jakiego metalu wykonywano wówczas jej wytop? Nikiel / Miedź / Cynk
18%
Jakiego YouTubera dotyczył tzw. bridge incident? PewDiePie
18%
Z jakimi ludzi nie dyskutuje BrzydkiBurak? z debilami
18%
Ile czasu wytrzymał Rafonix w challengu "Dzień bez słowa na K"? 20 minut
14%
Jak nazywał się prokurator generalny od którego pismo otrzymał Testoviron? dziura w dupie
14%
Podaj co najmniej jednego z główych bohaterów serialu "Eddsworld" Edd / Tom / Matt
14%
Pod jakim filmem znajduje się komentarz z największą ilością polubień na całej stronie? Me at the zoo
14%
Kto jest autorem serii asdfmovie? TomSka
14%
Jakie wideo uzyskało najwięcej odsłon w pierwsze 24 godziny? (nie licząc muzyki) GTA VI Trailer
9%
W jakim serwisie opublikowano pierwszy odcinek tego serialu? Był to rok 2003 Newgrounds
9%
Jak nazywał się system operacyjny napisany przez Terry'ego A. Davisa? TempleOS
9%
Który kanał sięgnął jako pierwszy w Polsce po 100 tysięcy subskrypcji? zb3
9%
Na kanale YouTube stacji Adult Swim istnieje film z tytułem zapisanym w niecodziennej czcionce i w żółtym kolorze. O jakim filmie mowa? 𝑻𝑶𝑶 𝑴𝑨𝑵𝒀 𝑪𝑶𝑶𝑲𝑺
5%
Podaj nazwę programu prowadzonego do 2013 roku przez Raya Williama Johnsona? =3
5%
Jaki temat znalazł się pod numerem 15 w filmie "Top 15 mysteries solved by 4Chan"? Burger King foot lettuce
5%
Po wpisaniu jakiego hasła w wyszukiwarce YouTube czcionka zmieniała się na Comic Sans? doge meme
5%
Z jakiego kanału pochodzi film "Wielki Mix Nieciktube"? fajnefilmikixd
5%
Jaką grę wyśmiewał Mrzywiec? Gothic
5%
Jeden z najbardziej klasycznych jumpscare'ów - Ghost Car Commercial - w rzeczywistości nie jest reklamą samochodu, a innego produktu. Jakiego? Kfee, napój kofeinowy
5%
Kto jest autorem utworu "Nie musisz więc nie idź"? Radzio98
5%
Jaka gra została zrecenzowana jako pierwsza przez Klocucha12? The Nomad Soul
5%
Nie znaleziono quizów pasujących do podanych kryteriów
Rozkład punktacji
Procent ludzi z każdym wynikiem
Percentyl według liczby udzielonych odpowiedzi
Twoja historia wyników
Nie rozwiązałeś tego quizu